书目信息 |
| 题名: |
激光在医学和生物学中的应用
|
|
| 作者: | 沃尔巴什特 编 ;刘普和 译 | |
| 分册: | ||
| 出版信息: | 北京 科学出版社 1975 |
|
| 页数: | 722页 | |
| 开本: | 19cm | |
| 丛书名: | ||
| 单 册: | ||
| 中图分类: | R312 | |
| 科图分类: | ||
| 主题词: | 激光应用-医学 , 激光应用-生物学 , 生物学-激光应用 , 医学-激光应用 | |
| 电子资源: | ||
| ISBN: | ||
| 000 | 00798nam0 2200265 45 | |
| 001 | 0183006329 | |
| 005 | 20060629091816.60 | |
| 010 | @dCNY1.10 | |
| 100 | @a19950724d1975 emky0chiy0121 ea | |
| 101 | 1 | @achi@ceng |
| 102 | @aCN@b110000 | |
| 105 | @ay z 000yy | |
| 200 | 10 | @a激光在医学和生物学中的应用@Aji guang zai yi xue he sheng wu xue zhong de ying yong@f(美)M·L·沃尔巴什特编@F(mei)M·L·wo er ba shen te bian@g刘普和译 |
| 210 | @a北京@c科学出版社@d1975 | |
| 215 | @a722页@d19cm | |
| 606 | @a激光应用-医学 | |
| 606 | @a激光应用-生物学 | |
| 606 | @a生物学-激光应用 | |
| 606 | @a医学-激光应用 | |
| 690 | @aR312@v3 | |
| 701 | 0 | @a沃尔巴什特@Awo er ba shen te@4编 |
| 702 | 0 | @a刘普和@Aliu pu he@4译 |
| 801 | 2 | @aCN@bNLC@c20060629 |
| 801 | 0 | @aCN@bTSSF |
| 905 | @a10447@dR312@e94 | |
| 激光在医学和生物学中的应用/(美)M·L·沃尔巴什特编/刘普和译.-北京:科学出版社,1975 |
| 722页;19cm |
| ISBN :CNY1.10 |
| ● |
| 相关链接 |
|
|
|
|
正题名:激光在医学和生物学中的应用
索取号:R312/94
 
预约/预借
| 序号 | 登录号 | 条形码 | 馆藏地/架位号 | 状态 | 备注 |
| 1 | 0421363 | 204213635 | 密集书库/ [索取号:R312/94] | 在馆 |